[Event "Superettan(Helsingborg-Rock.,Sthlm II)"]
[Site "?"]
[Date "2024.03.10"]
[Round "9"]
[White "Zadruzny, Nicolaj"]
[Black "Johansson, Thomas"]
[Result "1-0"]
[WhiteElo "2212"]
[BlackElo "2166"]
[PlyCount "83"]
[SourceVersionDate "2024.03.16"]

1. e4 c5 2. Nf3 Nc6 3. Bb5 d6 4. O-O Bd7 5. Re1 Nf6 6. h3 g6 7. c3 Bg7 8. d4
cxd4 9. cxd4 O-O 10. Nc3 a6 11. Bf1 e5 12. dxe5 dxe5 13. Be3 Rc8 14. Qb3 b5 15.
Bc5 Na5 16. Qa3 Re8 17. Rad1 Nb7 18. Be3 Qa5 19. Qxa5 Nxa5 20. Rd6 Bc6 21. Bg5
Nd7 22. Red1 h6 23. Be3 Nf6 24. Bxh6 Nxe4 25. Nxe4 Bxe4 26. Bxg7 Bxf3 27. gxf3
Kxg7 28. Rxa6 Nb7 29. Bxb5 Rh8 30. Rb6 Rc7 31. Rd7 Rc1+ 32. Kg2 Nc5 33. Rc7 Rh5
34. f4 exf4 35. Be2 Rg5+ 36. Bg4 Ra1 37. Rb5 f3+ 38. Kxf3 Rxa2 39. Rbxc5 Rxc5
40. Rxc5 f5 41. Rb5 fxg4+ 42. hxg4 1-0

[Event "Superettan(Farsta-Burgsvik)"]
[Site "?"]
[Date "2024.03.10"]
[Round "9"]
[White "Bjorntoft, Peter"]
[Black "Jaderberg, Bjorn"]
[Result "1-0"]
[WhiteElo "2097"]
[BlackElo "2175"]
[PlyCount "73"]
[SourceVersionDate "2024.03.16"]

1. e4 d6 2. d4 g6 3. Bc4 Bg7 4. Nf3 e6 5. O-O Ne7 6. Re1 a6 7. c3 Nd7 8. Nbd2
b5 9. Bb3 Bb7 10. a4 c5 11. Nf1 O-O 12. Ng3 h6 13. Be3 Qc7 14. Qd2 Kh7 15. h4
Nf6 16. Bf4 c4 17. Bc2 Nc6 18. e5 dxe5 19. Nxe5 Nxe5 20. Bxe5 Qc6 21. f3 Nd7
22. Bf4 f5 23. axb5 axb5 24. Rxa8 Rxa8 25. h5 Nf8 26. hxg6+ Nxg6 27. Nh5 Bf8
28. d5 Qb6+ 29. Be3 Qd8 30. dxe6 Qh4 31. Bxf5 Qxh5 32. Qd7+ Bg7 33. Bd4 Rg8 34.
e7 Bc8 35. e8=Q Bxd7 36. Qxd7 Kh8 37. Re8 1-0

[Event "Superettan(Kristallen-Schack 08)"]
[Site "?"]
[Date "2024.03.10"]
[Round "9"]
[White "Wikstrom, Per"]
[Black "Dingertz, Erik"]
[Result "1/2-1/2"]
[WhiteElo "2143"]
[BlackElo "2121"]
[PlyCount "43"]
[SourceVersionDate "2024.03.17"]

1. d4 Nf6 2. Nf3 d5 3. c3 g6 4. Bf4 Bg7 5. e3 O-O 6. h3 c5 7. Nbd2 Qb6 8. Qb3
c4 9. Qxb6 axb6 10. Bxb8 Rxb8 11. Be2 Re8 12. O-O Bf5 13. Nh4 Bd7 14. Nhf3 Bc6
15. Rfe1 Nd7 16. Bd1 e5 17. dxe5 Bxe5 18. Nxe5 Nxe5 19. Be2 Ra8 20. Nf3 Nxf3+
21. Bxf3 Ra5 22. Red1 1/2-1/2

[Event "Superettan(Helsingborg-Rock.,Sthlm II)"]
[Site "?"]
[Date "2024.03.10"]
[Round "9"]
[White "Rothman, Peter"]
[Black "Narva, David"]
[Result "1-0"]
[WhiteElo "2108"]
[BlackElo "2044"]
[PlyCount "99"]
[SourceVersionDate "2024.03.16"]

1. d4 d6 2. Nf3 g6 3. c4 Bg7 4. Nc3 Nf6 5. g3 O-O 6. Bg2 Nbd7 7. O-O e5 8. h3
exd4 9. Nxd4 Nc5 10. b3 Re8 11. Bb2 Nfe4 12. Nxe4 Nxe4 13. Qc2 Qe7 14. Rad1 a6
15. e3 Ng5 16. Kh2 h5 17. h4 Nh7 18. Ne2 Bf5 19. Qd2 Be4 20. f3 Bxb2 21. Qxb2
Bc6 22. e4 f5 23. Nf4 fxe4 24. fxe4 Qg7 25. Qc2 Nf6 26. Rde1 Re5 27. Nh3 Rae8
28. Ng5 Ng4+ 29. Kh1 Rxg5 30. hxg5 Qe5 31. Qd3 Qxg5 32. Qf3 h4 33. Qf7+ Kh8 34.
Qf4 Qh5 35. Bh3 hxg3 36. Qxg4 Bxe4+ 37. Rxe4 Rxe4 38. Qxg3 Rh4 39. Kg2 g5 40.
Rf5 Qe2+ 41. Rf2 Qe4+ 42. Kg1 Qe1+ 43. Bf1 Qe4 44. Qc3+ Kg8 45. Bg2 Rg4 46. Qf3
Qe1+ 47. Rf1 Qe6 48. Qf8+ Kh7 49. Rf7+ Kg6 50. Qg8+ 1-0

[Event "Superettan(Kristallen-Schack 08)"]
[Site "?"]
[Date "2024.03.10"]
[Round "9"]
[White "Persson, Andreas"]
[Black "Bjorkeroth, Johan"]
[Result "1-0"]
[WhiteElo "2126"]
[BlackElo "2144"]
[PlyCount "71"]
[SourceVersionDate "2024.03.17"]

1. d4 Nf6 2. Nf3 e6 3. g3 b5 4. Bg2 Bb7 5. O-O c5 6. Bg5 h6 7. Bxf6 Qxf6 8. c3
Be7 9. a4 b4 10. a5 cxd4 11. cxd4 O-O 12. Nbd2 d6 13. Qa4 Na6 14. Rac1 Rab8 15.
Rfd1 e5 16. Nb3 Rfd8 17. d5 Nc5 18. Nxc5 dxc5 19. e4 Ba6 20. Nd2 Bb5 21. Qa2
Qa6 22. b3 Bg5 23. Rxc5 Rdc8 24. Rdc1 Be7 25. Rxc8+ Rxc8 26. Qb2 Bc5 27. Bf1
Qf6 28. Bxb5 Qxf2+ 29. Kh1 a6 30. Bd7 Rc7 31. Rf1 Qe2 32. Qxe5 Rxd7 33. Qe8+
Kh7 34. Qxd7 Qxd2 35. Qf5+ Kh8 36. Qc8+ 1-0

[Event "Superettan(Helsingborg-Rock.,Sthlm II)"]
[Site "?"]
[Date "2024.03.10"]
[Round "9"]
[White "Svorono, Gabriel"]
[Black "Nilsson Hask, Patrik"]
[Result "1-0"]
[WhiteElo "2126"]
[BlackElo "2078"]
[PlyCount "109"]
[SourceVersionDate "2024.03.16"]

1. e4 e6 2. d4 d5 3. e5 c5 4. c3 Qb6 5. Nf3 Nc6 6. Bd3 cxd4 7. O-O Bd7 8. Nbd2
dxc3 9. bxc3 Na5 10. Nd4 a6 11. N2b3 Nc4 12. Qe2 Qc7 13. f4 g6 14. a4 Rc8 15.
a5 Ne7 16. Ra2 Nc6 17. Bxc4 dxc4 18. Qxc4 Nxd4 19. Qxc7 Ne2+ 20. Rxe2 Rxc7 21.
Re3 Ba4 22. Nd4 Rc4 23. Rd3 Bc5 24. Be3 O-O 25. Rb1 Rb8 26. Rb2 b5 27. axb6
Rxb6 28. Rxb6 Bxb6 29. Kf2 a5 30. Ne2 Bxe3+ 31. Kxe3 Bc6 32. Rd8+ Kg7 33. Rc8
Bd5 34. Rxc4 Bxc4 35. Nd4 f6 36. Nc2 fxe5 37. fxe5 g5 38. Kd4 Bd5 39. Ne3 a4
40. c4 Bb7 41. Kc3 h5 42. Kb4 Bc6 43. Kc5 Be4 44. Kb4 Bc6 45. g3 Kg6 46. Nc2 h4
47. Nd4 hxg3 48. hxg3 Bd7 49. g4 Kf7 50. c5 Ke7 51. c6 Be8 52. Kxa4 Bg6 53. Kb5
Be4 54. c7 Kd7 55. Kb6 1-0

[Event "Superettan(Farsta-Burgsvik)"]
[Site "?"]
[Date "2024.03.10"]
[Round "9"]
[White "Andersson, Bjorn"]
[Black "Lagerborg, Krister"]
[Result "1-0"]
[WhiteElo "2163"]
[BlackElo "2106"]
[PlyCount "95"]
[SourceVersionDate "2024.03.16"]

1. e4 c5 2. Nf3 d6 3. d4 cxd4 4. Nxd4 Nf6 5. Nc3 a6 6. Be2 e5 7. Nb3 Be7 8. O-O
Be6 9. Kh1 Nbd7 10. f4 Rc8 11. a4 Nb6 12. a5 Nc4 13. f5 Bd7 14. Rf3 h6 15. Qf1
Bb5 16. Nd2 Qc7 17. Nxb5 axb5 18. b3 Nxa5 19. Bxb5+ Nc6 20. c4 O-O 21. Bb2 Qb6
22. Qe2 Ra8 23. Ba4 Nd4 24. Bxd4 Qxd4 25. Rg1 Bd8 26. g4 Bb6 27. Rg2 Qa1+ 28.
Rf1 Qb2 29. h4 Ba5 30. g5 Qxd2 31. Qxd2 Bxd2 32. gxf6 Be3 33. Rf3 Bf4 34. Rd3
Rfd8 35. Rxg7+ Kh8 36. Rxf7 Rg8 37. Rxb7 Rg4 38. f7 Rxh4+ 39. Kg2 Bg5 40. Rxd6
Rxe4 41. Rg6 Rf8 42. Bc6 Rg4+ 43. Kh3 Rh4+ 44. Kg3 Rd4 45. Bd5 Bf4+ 46. Kf2
Rd2+ 47. Ke1 Ra8 48. Rg8+ 1-0

[Event "Superettan(Kristallen-Schack 08)"]
[Site "?"]
[Date "2024.03.10"]
[Round "9"]
[White "Stenman, Christoffer"]
[Black "Gamback, Bjorn"]
[Result "1/2-1/2"]
[WhiteElo "1864"]
[BlackElo "2031"]
[PlyCount "33"]
[SourceVersionDate "2024.03.17"]

1. e4 c5 2. Nc3 Nc6 3. Bb5 g6 4. Bxc6 dxc6 5. d3 Bg7 6. Nge2 Nf6 7. O-O O-O 8.
h3 e5 9. f4 exf4 10. Bxf4 Nd7 11. Qe1 Qe7 12. Qg3 Ne5 13. Bg5 f6 14. Be3 Be6
15. Rad1 Rad8 16. b3 Rd7 17. Nb1 1/2-1/2

[Event "Superettan(Helsingborg-Rock.,Sthlm II)"]
[Site "?"]
[Date "2024.03.10"]
[Round "9"]
[White "Hakansson, Stefan"]
[Black "Bryntze, Stefan"]
[Result "0-1"]
[WhiteElo "1998"]
[BlackElo "2182"]
[PlyCount "100"]
[SourceVersionDate "2024.03.16"]

1. d4 d5 2. Bf4 Nf6 3. e3 Bf5 4. Bd3 g6 5. Nf3 Nbd7 6. Ne5 Bg7 7. Bxf5 gxf5 8.
Nd2 c5 9. c3 Qb6 10. Rb1 Qa6 11. Ra1 Rc8 12. Nxd7 Nxd7 13. Qe2 Qb6 14. Nf3 Nf8
15. Qc2 Ng6 16. Qxf5 e6 17. Qc2 cxd4 18. Qa4+ Kd8 19. cxd4 Rc4 20. Qd1 Nxf4 21.
exf4 Qb4+ 22. Qd2 Bxd4 23. Nxd4 Rxd4 24. Qxb4 Rxb4 25. b3 Rxf4 26. g3 Rd4 27.
Ke2 Kd7 28. Rac1 Rc8 29. Rxc8 Kxc8 30. Ke3 Rb4 31. Rc1+ Kd7 32. f4 a5 33. Rc2
f5 34. Kd3 h5 35. Ke3 a4 36. bxa4 Rxa4 37. Rb2 Kc6 38. Rc2+ Rc4 39. Rb2 b5 40.
Kf3 b4 41. Re2 Kd6 42. Kg2 d4 43. Kf2 Rc6 44. Rb2 Kc5 45. Ke2 Ra6 46. Rc2+ Kd5
47. Rb2 Ra4 48. Kd1 d3 49. Kd2 Kd4 50. h3 Ke4 0-1

[Event "Superettan(Farsta-Burgsvik)"]
[Site "?"]
[Date "2024.03.10"]
[Round "9"]
[White "Lindeman, Sven"]
[Black "Tuvesson, Mats"]
[Result "1-0"]
[WhiteElo "2156"]
[BlackElo "2017"]
[PlyCount "77"]
[SourceVersionDate "2024.03.16"]

1. e4 c5 2. Nf3 d6 3. d4 cxd4 4. Nxd4 Nf6 5. Nc3 a6 6. Bc4 e6 7. Bb3 Be7 8. g4
h6 9. h4 Nc6 10. Nxc6 bxc6 11. Qf3 Nd7 12. g5 hxg5 13. hxg5 Rxh1+ 14. Qxh1 Bxg5
15. Bxe6 Bxc1 16. Bxd7+ Kxd7 17. Rxc1 Qg5 18. Rd1 Kc7 19. Qh2 Qf6 20. Qg3 Rb8
21. b3 Rb4 22. Rd3 g6 23. Qe3 Rb7 24. Kd1 Kb8 25. Kc1 Rd7 26. Kb1 Kc7 27. Qa7+
Bb7 28. Na4 Re7 29. f3 Qe5 30. Qb6+ Kc8 31. Qb4 Kc7 32. c4 Rd7 33. c5 d5 34.
Nb6 Rd8 35. Nc4 Qf6 36. Na5 Bc8 37. Qb6+ Kd7 38. Rxd5+ Ke8 39. Qxd8+ 1-0

[Event "Superettan(Kristallen-Schack 08)"]
[Site "?"]
[Date "2024.03.10"]
[Round "9"]
[White "Ljung, Harald"]
[Black "Faldt, Magnus"]
[Result "1/2-1/2"]
[WhiteElo "2120"]
[BlackElo "2139"]
[PlyCount "72"]
[SourceVersionDate "2024.03.17"]

1. d4 d5 2. Nf3 Nf6 3. c4 e6 4. Bg5 Nbd7 5. e3 Be7 6. Nc3 O-O 7. Rc1 b6 8. cxd5
exd5 9. Bd3 Bb7 10. O-O c5 11. Bb1 h6 12. Bh4 Rc8 13. Qd3 c4 14. Qf5 g6 15. Qf4
Kg7 16. Nb5 Nh5 17. Bxe7 Nxf4 18. Bxd8 Ne2+ 19. Kh1 Nxc1 20. Be7 Rfe8 21. Nd6
Rxe7 22. Nxc8 Bxc8 23. Rxc1 b5 24. Kg1 a5 25. Kf1 Ba6 26. Ke1 b4 27. Kd2 f5 28.
a3 Kf6 29. h4 Re8 30. Ng1 Nb6 31. Bc2 Bb5 32. Nf3 Nd7 33. Bb1 Rc8 34. Bc2 Re8
35. Bb1 Rc8 36. Bc2 Re8 1/2-1/2

[Event "Superettan(Lulea-Skara)"]
[Site "?"]
[Date "2024.03.10"]
[Round "9"]
[White "Eklund, Lars-Goran"]
[Black "Varga, Zoltan"]
[Result "1/2-1/2"]
[WhiteElo "2176"]
[BlackElo "2366"]
[PlyCount "27"]
[SourceVersionDate "2024.03.16"]

1. Nf3 d5 2. d4 c6 3. c4 dxc4 4. e4 b5 5. a4 e6 6. b3 Bb4+ 7. Bd2 Bxd2+ 8. Qxd2
a5 9. bxc4 b4 10. Qf4 c5 11. Qe5 Nf6 12. Qxc5 Nxe4 13. Qe5 Nf6 14. Nbd2 1/2-1/2

[Event "Superettan(SS 4 Springare-Upsala)"]
[Site "?"]
[Date "2024.03.10"]
[Round "9"]
[White "Wagner, Stephan"]
[Black "Sivuk, Vitaly"]
[Result "0-1"]
[WhiteElo "2264"]
[BlackElo "2502"]
[PlyCount "118"]
[SourceVersionDate "2024.03.17"]

1. c4 b6 2. d4 e6 3. a3 Bb7 4. Nc3 Nf6 5. d5 exd5 6. cxd5 Bd6 7. Nf3 O-O 8. g3
c6 9. Bg2 Nxd5 10. Nxd5 cxd5 11. Nd4 Qf6 12. O-O Be5 13. e3 Nc6 14. Nf3 Bxb2
15. Bxb2 Qxb2 16. Qxd5 Rad8 17. Qd6 Qf6 18. Rfd1 Qxd6 19. Rxd6 Rfe8 20. Rad1
Nb8 21. Nd4 Bxg2 22. Kxg2 Re5 23. Nc6 Nxc6 24. Rxc6 Kf8 25. Rc7 Ra5 26. Rd3 h5
27. e4 Ke7 28. f4 Ke6 29. Kf3 d6 30. f5+ Kf6 31. h3 g6 32. g4 hxg4+ 33. hxg4 g5
34. Ke3 Ra4 35. Kf3 Ra5 36. Rb7 Kg7 37. Rc7 Rh8 38. Kg3 Rh4 39. Rd7 Ra4 40. Re3
Rh6 41. Rc3 a5 42. Rb7 Rxe4 43. Rcc7 Rf6 44. Rxb6 Re3+ 45. Kf2 Rxa3 46. Rbb7 d5
47. Rd7 d4 48. Ra7 d3 49. Rd4 Rb6 50. Ke3 d2+ 51. Kxd2 Rb2+ 52. Kc1 Rf2 53. Kb1
Rg3 54. Rd1 Rxg4 55. Rxa5 Rgf4 56. f6+ Kg6 57. Rd8 Rg2 58. Rg8+ Kh7 59. Rg7+
Kh6 0-1

[Event "Superettan(Lulea-Skara)"]
[Site "?"]
[Date "2024.03.10"]
[Round "9"]
[White "Ernst, Thomas"]
[Black "Ronneland, Daniel"]
[Result "1/2-1/2"]
[WhiteElo "2298"]
[BlackElo "2234"]
[PlyCount "86"]
[SourceVersionDate "2024.03.16"]

1. e4 e5 2. Nf3 Nc6 3. Bb5 a6 4. Ba4 Nf6 5. O-O Be7 6. Re1 b5 7. Bb3 d6 8. c3
O-O 9. h3 Na5 10. Bc2 c5 11. d4 cxd4 12. cxd4 Qc7 13. Nbd2 Nc6 14. d5 Nb4 15.
Bb1 a5 16. a3 Na6 17. b4 Nb8 18. Bb2 axb4 19. axb4 Rxa1 20. Bxa1 Ba6 21. Nf1
Nbd7 22. Bd3 Nb6 23. Ne3 g6 24. Qe2 Rb8 25. Nd2 Nc4 26. Rc1 Nd7 27. Ndxc4 bxc4
28. Qa2 Qb7 29. Nxc4 Qxb4 30. Nxe5 Nxe5 31. Qxa6 Qd2 32. Rc8+ Rxc8 33. Qxc8+
Kg7 34. Bxe5+ dxe5 35. Qc7 Bf6 36. Bf1 Qd4 37. Qc2 Be7 38. g3 Bc5 39. Kg2 h5
40. h4 Kf6 41. Bb5 Ke7 42. Bc6 Kd6 43. Be8 Ke7 1/2-1/2

[Event "Superettan(SS 4 Springare-Upsala)"]
[Site "?"]
[Date "2024.03.10"]
[Round "9"]
[White "Galperin, Platon"]
[Black "Johansson, Jan"]
[Result "1-0"]
[WhiteElo "2556"]
[BlackElo "2279"]
[PlyCount "45"]
[SourceVersionDate "2024.03.17"]

1. Nf3 c5 2. e4 Nc6 3. Bc4 e6 4. O-O d5 5. Bb5 dxe4 6. Ne5 Qc7 7. Nxc6 bxc6 8.
Bc4 Bd6 9. Kh1 Nf6 10. Nc3 e5 11. f3 exf3 12. Qxf3 O-O 13. d3 Bg4 14. Qg3 e4
15. Qh4 h5 16. Rxf6 Be7 17. Nxe4 gxf6 18. Nxf6+ Bxf6 19. Qxf6 Rae8 20. Qg6+ Kh8
21. Qh6+ Kg8 22. Bg5 Qe5 23. h3 1-0

[Event "Superettan(Lulea-Skara)"]
[Site "?"]
[Date "2024.03.10"]
[Round "9"]
[White "Jacobson, Erik"]
[Black "Mikheev, Stanislav"]
[Result "0-1"]
[WhiteElo "2187"]
[BlackElo "2235"]
[PlyCount "88"]
[EventDate "2024.??.??"]
[SourceVersionDate "2024.03.16"]

1. e4 e5 2. Nf3 Nf6 3. Nc3 Nc6 4. Bb5 Bb4 5. O-O O-O 6. d3 d6 7. Bg5 Bxc3 8.
bxc3 Qe7 9. Bxc6 bxc6 10. Qd2 h6 11. Bh4 Bg4 12. Ne1 Nxe4 13. Qxh6 gxh6 14.
Bxe7 Nd2 15. Bxf8 Kxf8 16. f3 Nxf1 17. fxg4 Ne3 18. h3 Rb8 19. Kf2 Nd5 20. c4
Nf4 21. Ke3 Ke7 22. h4 a5 23. g3 Ne6 24. Nf3 a4 25. a3 Rg8 26. g5 hxg5 27. hxg5
Nxg5 28. Nxg5 Rxg5 29. Kf3 Rh5 30. Rb1 Rh2 31. Rb4 Rxc2 32. Rxa4 f5 33. Ra7 Kd7
34. Ra5 Rc3 35. Ke2 e4 36. dxe4 fxe4 37. g4 Rxc4 38. Ke3 d5 39. g5 Ke6 40. Ra7
Kf5 41. Rxc7 Kxg5 42. Ra7 Kf5 43. Rf7+ Ke6 44. Ra7 Kd6 0-1

[Event "Superettan(SS 4 Springare-Upsala)"]
[Site "?"]
[Date "2024.03.10"]
[Round "9"]
[White "Sittenfeld, Johan"]
[Black "Larkin, Vladyslav"]
[Result "0-1"]
[WhiteElo "2135"]
[BlackElo "2484"]
[PlyCount "72"]
[SourceVersionDate "2024.03.17"]

1. d4 Nc6 2. Nf3 d6 3. e4 Nf6 4. Nc3 g6 5. Be3 Bg7 6. Qd2 O-O 7. Bh6 Bg4 8.
Bxg7 Kxg7 9. d5 Nb8 10. Ng5 c6 11. f3 Bd7 12. g4 Qa5 13. O-O-O b5 14. h4 b4 15.
Nb1 cxd5 16. exd5 h6 17. Bc4 Rc8 18. Bb3 Ba4 19. h5 Bxb3 20. axb3 hxg5 21. hxg6
fxg6 22. Qxg5 Nbd7 23. Rh6 Ne5 24. f4 Rxc2+ 25. Kxc2 Rc8+ 26. Nc3 Qa2 27. Rh3
bxc3 28. Qh6+ Kf7 29. Rxc3 Rxc3+ 30. Kxc3 Nexg4 31. Qh4 Ne3 32. Rd2 Qa5+ 33.
Kd3 Nexd5 34. Rh2 Qb5+ 35. Kc2 Nb4+ 36. Kc1 Qf1+ 0-1

[Event "Superettan(SS 4 Springare-Upsala)"]
[Site "?"]
[Date "2024.03.10"]
[Round "9"]
[White "Miezis, Normunds"]
[Black "Svensson, Mans"]
[Result "1-0"]
[WhiteElo "2419"]
[BlackElo "2137"]
[PlyCount "109"]
[SourceVersionDate "2024.03.17"]

1. c4 e5 2. Nc3 Nc6 3. Nf3 f5 4. d4 e4 5. Ng5 h6 6. Nh3 g5 7. e3 Nf6 8. Be2 Bg7
9. d5 Ne5 10. d6 O-O 11. Nb5 cxd6 12. Nxd6 Ne8 13. c5 Qa5+ 14. Bd2 Qxc5 15.
Qb3+ Kh7 16. Bb4 Qb6 17. Nxc8 Rxc8 18. Bxf8 Qxb3 19. axb3 Bxf8 20. O-O Rc2 21.
Bd1 Rxb2 22. Rxa7 Nf6 23. Rxb7 Kg6 24. Rc7 Bb4 25. Rc8 d6 26. Rc1 Nd3 27. Rc2
Rxb3 28. Be2 Bc5 29. Rd1 Nd5 30. Bxd3 exd3 31. Rcd2 Nb4 32. g3 Kf6 33. Kg2 Ke6
34. Re1 Nc2 35. Rc1 Nb4 36. Kf1 Kd5 37. Ng1 Ke6 38. Nf3 Nc2 39. Rcd1 Nb4 40.
Ne1 Kf6 41. Nxd3 Nxd3 42. Rxd3 Rb6 43. h3 Ke6 44. Kg2 Kf6 45. g4 Ke6 46. Rd5
fxg4 47. hxg4 Kf6 48. Rf5+ Kg6 49. Rf8 Kg7 50. Re8 Kf7 51. Re4 Rb2 52. Kf3 Rb8
53. Rd5 Rb7 54. Rf5+ Kg7 55. Re6 1-0

[Event "Superettan(SS 4 Springare-Upsala)"]
[Site "?"]
[Date "2024.03.10"]
[Round "9"]
[White "Bernhard, Jonathan"]
[Black "Seiger, Vidar"]
[Result "1/2-1/2"]
[WhiteElo "2053"]
[BlackElo "2034"]
[PlyCount "99"]
[SourceVersionDate "2024.03.17"]

1. e4 c5 2. Nf3 g6 3. c4 Nc6 4. d4 cxd4 5. Nxd4 Nf6 6. Nc3 d6 7. Be2 Nxd4 8.
Qxd4 Bg7 9. Be3 O-O 10. Qd2 a5 11. O-O a4 12. f3 Qa5 13. Rac1 Be6 14. Nd5 Qxd2
15. Nxe7+ Kh8 16. Bxd2 Rfe8 17. Nd5 Nxd5 18. cxd5 Bxd5 19. Rfe1 Be6 20. Bc3 a3
21. b3 Bxc3 22. Rxc3 Rac8 23. Rd3 Rcd8 24. Kf2 d5 25. Red1 Rc8 26. exd5 Bf5 27.
R3d2 Rc5 28. b4 Rc3 29. Bb5 Rd8 30. d6 Bd7 31. Bxd7 Rxd7 32. b5 Kg7 33. Re1 Kf6
34. Re4 Rc5 35. Re3 Rxb5 36. Rxa3 Rb6 37. Rad3 Ke6 38. Ke3 Rbxd6 39. Rxd6+ Rxd6
40. Rxd6+ Kxd6 41. Kd4 h5 42. h4 f6 43. g4 Ke6 44. gxh5 gxh5 45. Ke4 f5+ 46.
Kd4 Kd6 47. f4 b6 48. Kc4 Kc6 49. Kd4 Kd6 50. Kc4 1/2-1/2

[Event "Superettan(Lulea-Skara)"]
[Site "?"]
[Date "2024.03.10"]
[Round "9"]
[White "Liden, Tommy"]
[Black "Danielsson, Fredrik"]
[Result "1-0"]
[WhiteElo "2122"]
[BlackElo "2109"]
[PlyCount "75"]
[SourceVersionDate "2024.03.16"]

1. e4 d5 2. exd5 Qxd5 3. Nc3 Qd6 4. d4 Nf6 5. Nf3 c6 6. Ne5 Nbd7 7. Nc4 Qc7 8.
Qf3 Nb6 9. Bf4 Qd7 10. Nxb6 axb6 11. O-O-O Qg4 12. Qe3 Rxa2 13. Nxa2 Nd5 14.
Qg3 Qxf4+ 15. Qxf4 Nxf4 16. h3 g6 17. g3 Nd5 18. c4 Bh6+ 19. Kc2 Nf6 20. Nc3
O-O 21. Bg2 Bf5+ 22. Kb3 Rc8 23. Rhe1 b5 24. cxb5 e5 25. Rxe5 Be6+ 26. Kc2 Bf5+
27. Ne4 cxb5+ 28. Kd3 Nd7 29. Rxb5 Rd8 30. g4 Be6 31. Nd6 Bf8 32. Nxb7 Rc8 33.
Na5 h5 34. gxh5 gxh5 35. Rg1 Bg7 36. Bb7 Rd8 37. Nc6 Re8 38. Rbg5 1-0

[Event "Superettan(SS 4 Springare-Upsala)"]
[Site "?"]
[Date "2024.03.10"]
[Round "9"]
[White "Mattsson, Michael"]
[Black "Dolata, Henryk"]
[Result "1-0"]
[WhiteElo "2043"]
[BlackElo "2027"]
[PlyCount "101"]
[SourceVersionDate "2024.03.17"]

1. e4 e6 2. d4 d5 3. Nd2 c5 4. Ngf3 cxd4 5. Nxd4 Nf6 6. e5 Nfd7 7. N2f3 Nc6 8.
Bf4 Be7 9. Bd3 O-O 10. c3 Nc5 11. Bc2 f5 12. h4 Nxd4 13. Nxd4 Bd7 14. Qe2 b5
15. O-O-O Rb8 16. Kb1 a5 17. g4 g6 18. Bh6 Rf7 19. gxf5 gxf5 20. Rdg1+ Kh8 21.
Rg2 Bf8 22. Qh5 Qe8 23. Bg5 Be7 24. Rhg1 Rg7 25. Qf3 Bxg5 26. hxg5 b4 27. Ka1
Qe7 28. g6 Rbg8 29. cxb4 axb4 30. Qh3 Ra8 31. b3 Ne4 32. Bxe4 dxe4 33. f4 exf3
34. Qxf3 Rc8 35. gxh7 Rxh7 36. Qg3 Qf7 37. Rh2 Rg8 38. Rxh7+ Qxh7 39. Qxg8+
Qxg8 40. Rxg8+ Kxg8 41. Kb2 Kg7 42. Kc2 Kg6 43. Kd3 Kg5 44. Nc2 f4 45. Nxb4 Kg4
46. a4 Kg3 47. Kd4 Be8 48. a5 Bb5 49. a6 Bxa6 50. Nxa6 f3 51. Nc5 1-0

[Event "Superettan(Lulea-Skara)"]
[Site "?"]
[Date "2024.03.10"]
[Round "9"]
[White "Cederqvist, Niclas"]
[Black "Hart, Alexander"]
[Result "1/2-1/2"]
[WhiteElo "1941"]
[BlackElo "1996"]
[PlyCount "53"]
[SourceVersionDate "2024.03.16"]

1. d4 d5 2. Bf4 c5 3. e3 Nc6 4. Nf3 Nf6 5. h3 Qb6 6. b3 cxd4 7. exd4 Bf5 8. c3
e6 9. Be2 h6 10. O-O Be7 11. b4 O-O 12. Nbd2 Rfc8 13. a4 Qd8 14. Qb3 a5 15. b5
Nb8 16. Ne5 Nbd7 17. Nxd7 Qxd7 18. Nf3 Bd6 19. Bxd6 Qxd6 20. Rac1 Rc7 21. Ne5
Ne4 22. Rfd1 Rac8 23. c4 dxc4 24. Rxc4 Nc3 25. Qxc3 Rxc4 26. Nxc4 Qf4 27. Qe3
1/2-1/2

[Event "Superettan(SS 4 Springare-Upsala)"]
[Site "?"]
[Date "2024.03.10"]
[Round "9"]
[White "Fallman, Micael"]
[Black "Jakenberg, Jussi"]
[Result "1/2-1/2"]
[WhiteElo "1970"]
[BlackElo "2028"]
[PlyCount "84"]
[SourceVersionDate "2024.03.17"]

1. e4 e5 2. Nf3 Nc6 3. Bb5 a6 4. Ba4 Nf6 5. d3 d6 6. O-O b5 7. Bb3 Na5 8. Nbd2
Be7 9. Re1 O-O 10. Nf1 Nxb3 11. axb3 Bb7 12. Ng3 g6 13. h3 Re8 14. Bg5 Nd7 15.
Bxe7 Qxe7 16. Qd2 Kg7 17. b4 Qf6 18. Nh2 h5 19. Rf1 Re7 20. Rae1 Nf8 21. f4
exf4 22. Rxf4 Qxb2 23. Ref1 Ne6 24. Rh4 Rh8 25. Nf3 Bc8 26. Nf5+ gxf5 27. exf5
f6 28. fxe6 Rxe6 29. Qf4 Rh6 30. Nd4 Re5 31. Qf2 Rg6 32. Nf3 Rf5 33. Qe3 Qa2
34. Re4 Bb7 35. Re7+ Kh8 36. Rxc7 Bxf3 37. Rxf3 Rxf3 38. Qxf3 Qa1+ 39. Kh2 Qe5+
40. Kg1 Qe1+ 41. Kh2 Qe5+ 42. Kg1 Qe1+ 1/2-1/2

[Event "Superettan(Lulea-Skara)"]
[Site "?"]
[Date "2024.03.10"]
[Round "9"]
[White "Pettersson, Tobias"]
[Black "Thorn, Joachim"]
[Result "1/2-1/2"]
[WhiteElo "2051"]
[BlackElo "1974"]
[PlyCount "23"]
[SourceVersionDate "2024.03.16"]

1. d4 Nf6 2. Nf3 g6 3. Bg5 Bg7 4. Nbd2 d5 5. e3 O-O 6. Bd3 c5 7. c3 cxd4 8.
exd4 Nc6 9. O-O Qd6 10. Re1 Bg4 11. h3 Bxf3 12. Nxf3 1/2-1/2

[Event "Superettan(SS 4 Springare-Upsala)"]
[Site "?"]
[Date "2024.03.10"]
[Round "9"]
[White "Tripathi, Pratyush"]
[Black "Styf, Josef"]
[Result "1-0"]
[WhiteElo "1894"]
[BlackElo "2013"]
[PlyCount "75"]
[SourceVersionDate "2024.03.17"]

1. d4 Nf6 2. c4 e6 3. Nc3 Bb4 4. e3 O-O 5. Bd2 d6 6. Nge2 e5 7. a3 Bxc3 8. Nxc3
exd4 9. exd4 Ng4 10. h3 Re8+ 11. Be2 Nxf2 12. Kxf2 Qf6+ 13. Kg3 Nc6 14. Nd5
Qg6+ 15. Kh2 Nxd4 16. Bh5 Qd3 17. Nxc7 Bxh3 18. Bc3 Qe4 19. Bf3 Qf4+ 20. Kg1
Qe3+ 21. Kh2 Qf4+ 22. Kxh3 Nf5 23. Be1 Qh6+ 24. Bh5 Re3+ 25. Kh2 Qf4+ 26. Kg1
Re4 27. Nxa8 Rxc4 28. Qd2 Qe5 29. Rc1 Qc5+ 30. Qf2 Rxc1 31. Qxc5 Rxc5 32. Bf3
d5 33. Bg4 Ne3 34. Bh3 Rc1 35. Kh2 Rc2 36. Bc3 Nc4 37. Re1 f5 38. Bxf5 1-0

[Event "Superettan(Helsingborg-Rock.,Sthlm II)"]
[Site "?"]
[Date "2024.03.10"]
[Round "9"]
[White "Berovski, Krum"]
[Black "Semcesen, Daniel"]
[Result "1/2-1/2"]
[WhiteElo "2320"]
[BlackElo "2459"]
[PlyCount "33"]
[SourceVersionDate "2024.03.16"]

1. d4 f5 2. g3 Nf6 3. Bg2 g6 4. Nh3 Bg7 5. Nf4 Nc6 6. d5 Ne5 7. Nc3 O-O 8. e4
d6 9. exf5 Bxf5 10. Ne6 Bxe6 11. dxe6 Qc8 12. O-O Qxe6 13. Bxb7 Rab8 14. Bg2
Kh8 15. Re1 Qf7 16. f4 Ned7 17. Nd5 1/2-1/2

[Event "Superettan(Farsta-Burgsvik)"]
[Site "?"]
[Date "2024.03.10"]
[Round "9"]
[White "Andersson, Tommy"]
[Black "Degerman, Lars"]
[Result "1/2-1/2"]
[WhiteElo "2358"]
[BlackElo "2422"]
[PlyCount "36"]
[SourceVersionDate "2024.03.16"]

1. d4 d5 2. c4 dxc4 3. Nf3 Nf6 4. e3 e6 5. Bxc4 a6 6. a4 c5 7. O-O Nc6 8. Nc3
Bd6 9. Qe2 O-O 10. Rd1 Qc7 11. h3 b6 12. dxc5 Bxc5 13. e4 Nd7 14. Ba2 Bb7 15.
Bg5 h6 16. Bh4 Nde5 17. Kh1 Nxf3 18. Qxf3 Rac8 1/2-1/2

[Event "Superettan(Kristallen-Schack 08)"]
[Site "?"]
[Date "2024.03.10"]
[Round "9"]
[White "Laveryd, Peter"]
[Black "Lindh, Fredrik"]
[Result "0-1"]
[WhiteElo "2350"]
[BlackElo "2251"]
[PlyCount "56"]
[SourceVersionDate "2024.03.17"]

1. e4 c5 2. Nc3 Nc6 3. Nge2 e6 4. h3 Nf6 5. g3 d5 6. exd5 exd5 7. d4 cxd4 8.
Nxd4 Bb4 9. Bg2 Qe7+ 10. Be3 Ne4 11. Qd3 O-O 12. O-O Nxc3 13. Nxc6 bxc6 14.
bxc3 Bc5 15. Rfe1 Bxe3 16. Qxe3 Qxe3 17. Rxe3 Bf5 18. Re2 Rfe8 19. Rd2 Rab8 20.
c4 dxc4 21. c3 Red8 22. Rxd8+ Rxd8 23. Re1 h5 24. Bxc6 Bxh3 25. Re7 Rd6 26. Bb5
Be6 27. Rxa7 Rd1+ 28. Kh2 Bd5 0-1